00276nam a2200109Ia 4500020001800000082002000018100002100038245002800059260004000087300001000127650002900137 a81-7041-034-7 aRR 004.03 NAR-; aNarang, Madan L. 0aDictionary of computers aNew DelhibAnmol Publicationsc1987 a274p. aComputers - Dictionaries